Plato's gods /

Bibliographic Details
Main Author: Riel, Gerd van
Corporate Author: ebrary, Inc
Format: eBook
Language:English
Published: Burlington, Vt. : Ashgate Pub. Company, 2013.
Series:Ashgate studies in the history of philosophical theology.
Subjects:
Online Access:Connect to the full text of this electronic book

MARC

Tag First Indicator Second Indicator Subfields
LEADER 00000cam a22000001i 4500
001 in00003406913
006 m |o d |
007 cr |n|||||||||
008 130804s2013 vtu ob 001 0 eng d
005 20250816205741.8
020 |a 1472409736 (electronic bk.) 
020 |a 9781472409737 (electronic bk.) 
020 |z 9780754607007 (hardcover : alk. paper) 
020 |z 0754607003 (hardcover : alk. paper) 
020 |z 9780754607014 (pbk. : alk. paper) 
020 |z 0754607011 (pbk. : alk. paper) 
035 |a (NhCcYBP)ebr10714502 
040 |a NhCcYBP  |c NhCcYBP  |d UtOrBLW 
050 4 |a B398.R4  |b R54 2013 
082 0 4 |a 184  |2 23 
100 1 |a Riel, Gerd van. 
245 1 0 |a Plato's gods /  |c by Gerd Van Riel. 
264 1 |a Burlington, Vt. :  |b Ashgate Pub. Company,  |c 2013. 
300 |a 1 online resource. 
336 |a text  |b txt  |2 rdacontent 
337 |a computer  |b c  |2 rdamedia 
338 |a online resource  |b cr  |2 rdacarrier 
490 1 |a Ashgate studies in the history of philosophical theology 
500 |a Description based on print version record. 
504 |a Includes bibliographical references and index. 
588 |a Description based on print version record. 
500 |a Electronic resource. 
600 0 0 |a Plato  |x Religion. 
655 7 |a Electronic books.  |2 local 
710 2 |a ebrary, Inc. 
776 1 8 |c Original  |z 9780754607007  |z 0754607003  |z 9780754607014  |z 0754607011  |z 1472409736  |w (DLC) 2012049672 
830 0 |a Ashgate studies in the history of philosophical theology. 
856 4 1 |u https://ebookcentral.proquest.com/lib/tamucs/detail.action?docID=1206986  |y Connect to the full text of this electronic book  |t 0 
955 |a PDA YBP record 
999 f f |s d7e85032-138e-31dc-a143-5e7083b4aa59  |i 5d15af76-2ded-32d6-a14a-1417749ac232  |t 0 
999 |a MARS 
952 f f |a Texas A&M University  |b College Station  |c Electronic Resources  |d Available Online  |t 0  |e B398.R4 R54 2013  |h Library of Congress classification 
998 f f |a B398.R4 R54 2013  |t 0  |l Available Online